[Event "chess.com IoM Masters"]
[Site "Douglas ENG"]
[Date "2016.10.07"]
[Round "7.19"]
[White "Gupta, Abhijeet"]
[Black "Praggnanandhaa, R"]
[Result "1-0"]
[WhiteTitle "GM"]
[BlackTitle "IM"]
[WhiteElo "2626"]
[BlackElo "2442"]
[WhiteFideId "5010608"]
[BlackFideId "25059530"]
[EventDate "2016.10.01"]

1. Nf3 Nf6 2. c4 g6 3. Nc3 d5 4. cxd5 Nxd5 5. h4 Bg7 6. h5 Nc6 7. g3 e5 8. Bg2
Nxc3 9. dxc3 Qxd1+ 10. Kxd1 Bg4 11. Ng5 h6 12. Ne4 O-O-O+ 13. Ke1 gxh5 14. Nc5
Bf8 15. Be3 Be7 16. Nd3 Bg5 17. Bxc6 bxc6 18. Bxa7 e4 19. Nf4 h4 20. Bd4 Rhe8
21. Be3 hxg3 22. fxg3 Bxf4 23. gxf4 h5 24. Kf2 Kb7 25. b4 Ra8 26. a4 Red8 27.
Bd4 c5 28. Bxc5 Rd2 29. Rhe1 Rc2 30. Bd4 h4 31. a5 Ka6 32. Rac1 Rb2 33. Rb1 Rxb1
34. Rxb1 Kb5 35. Be5 c6 36. Rg1 f5 37. Rd1 Ra7 38. Rd8 Rh7 39. Rb8+ Kc4 40. a6
h3 41. Rb7 e3+ 42. Kg3 Rh6 43. Kh2 c5 44. b5 Bf3 45. Rb8 Bxe2 46. a7 Bf3 47.
a8=Q Bxa8 48. Rxa8 e2 49. Ra1 Kd3 50. Bc7 Kxc3 51. b6 Kd2 52. b7 Rh8 53. Ra8 c4
54. Ba5+ c3 55. Rc8 e1=Q 56. Bxc3+ Ke2 57. Bxe1 1-0

[Event "chess.com IoM Masters"]
[Site "Douglas ENG"]
[Date "2016.10.07"]
[Round "7.20"]
[White "L'Ami, Erwin"]
[Black "Sundararajan, Kidambi"]
[Result "1-0"]
[WhiteTitle "GM"]
[BlackTitle "GM"]
[WhiteElo "2605"]
[BlackElo "2429"]
[WhiteFideId "1007998"]
[BlackFideId "5005370"]
[EventDate "2016.10.01"]

1. d4 Nf6 2. c4 e6 3. g3 Bb4+ 4. Bd2 c5 5. Bxb4 cxb4 6. Bg2 O-O 7. e3 d6 8. Ne2
e5 9. a3 Qb6 10. Qd2 Nc6 11. axb4 Qxb4 12. Na3 Bf5 13. Nb5 Ne4 14. Qxb4 Nxb4 15.
O-O a6 16. Bxe4 Bxe4 17. Nxd6 Bd3 18. Ra4 Nc2 19. Rc1 Bxe2 20. dxe5 Bf3 21. c5
Bd5 22. Rxc2 Bb3 23. Rcc4 Rfd8 24. Rcb4 Bxa4 25. Rxa4 Rd7 26. f4 Rc7 27. b4 Kf8
28. Kf2 g6 29. Kf3 Ke7 30. Ke4 h5 31. Kd5 Rh8 32. e4 h4 33. g4 h3 34. Ra3 Rh4
35. Rg3 Rh8 36. f5 gxf5 37. gxf5 Kf8 38. f6 Rh4 39. e6 fxe6+ 40. Kxe6 Rch7 41.
b5 1-0

[Event "chess.com IoM Masters"]
[Site "Douglas ENG"]
[Date "2016.10.07"]
[Round "7.21"]
[White "Lenderman, Aleksandr"]
[Black "Tania, Sachdev"]
[Result "1/2-1/2"]
[WhiteTitle "GM"]
[BlackTitle "IM"]
[WhiteElo "2593"]
[BlackElo "2414"]
[WhiteFideId "2021285"]
[BlackFideId "5007844"]
[EventDate "2016.10.01"]

1. d4 Nf6 2. c4 e6 3. Nc3 Bb4 4. Qc2 O-O 5. Nf3 c5 6. dxc5 Na6 7. g3 Nxc5 8. Bg2
Nce4 9. O-O Bxc3 10. bxc3 Qa5 11. Nd4 d5 12. cxd5 exd5 13. c4 Bd7 14. cxd5 Qxd5
15. Be3 Rfe8 16. Qb2 Rac8 17. Rfd1 b6 18. Nf3 Qb5 19. Qxb5 Bxb5 20. Nd4 Ba6 21.
Rdc1 Nd5 22. Rxc8 Bxc8 23. Bc1 Nec3 24. Bf3 Bd7 25. Bd2 Ne4 26. Be1 f5 27. Rd1
Ndc3 28. Rc1 Rc8 29. a3 Kf7 30. Bg2 Rc4 31. Bxe4 Rxd4 32. Bf3 Rd1 33. Rxd1 Nxd1
34. Bd2 Nb2 35. Bc1 Nc4 36. Bg2 b5 37. Kf1 a5 38. Ke1 b4 39. axb4 axb4 40. Bd5+
Be6 41. Bxc4 1/2-1/2

[Event "chess.com IoM Masters"]
[Site "Douglas ENG"]
[Date "2016.10.07"]
[Round "7.22"]
[White "Ushenina, Anna"]
[Black "Shyam, Sundar M."]
[Result "0-1"]
[WhiteTitle "GM"]
[BlackTitle "GM"]
[WhiteElo "2459"]
[BlackElo "2552"]
[WhiteFideId "14110911"]
[BlackFideId "5019141"]
[EventDate "2016.10.01"]

1. d4 Nf6 2. c4 g6 3. Nc3 Bg7 4. e4 d6 5. Nf3 O-O 6. Be2 e5 7. Be3 Ng4 8. Bg5 f6
9. Bh4 Nc6 10. d5 Ne7 11. Nd2 h5 12. h3 Nh6 13. f3 g5 14. Bf2 f5 15. h4 g4 16.
exf5 Nexf5 17. Nde4 Nd4 18. Ng5 Qf6 19. Nce4 Qg6 20. Bd3 Bf5 21. Rg1 Nf7 22. Be3
Nxg5 23. hxg5 h4 24. Bxd4 exd4 25. Qd2 h3 26. O-O-O h2 27. Rh1 Be5 28. Rde1 g3
29. f4 Bg7 30. Qe2 Rae8 31. Qf3 Re7 32. Kd2 Rfe8 33. Nxg3 Bxd3 34. Rxe7 Rxe7 35.
Rxh2 Bb1 36. f5 Qxg5+ 37. Kd1 d3 38. Ne4 Bc2+ 39. Ke1 Rxe4+ 0-1

[Event "chess.com IoM Masters"]
[Site "Douglas ENG"]
[Date "2016.10.07"]
[Round "7.23"]
[White "Kiewra, Keaton F"]
[Black "Vishnu Prasanna, V"]
[Result "0-1"]
[WhiteTitle "IM"]
[BlackTitle "GM"]
[WhiteElo "2454"]
[BlackElo "2522"]
[WhiteFideId "2019280"]
[BlackFideId "5030692"]
[EventDate "2016.10.01"]

1. d4 Nf6 2. Nf3 g6 3. Bf4 Bg7 4. e3 O-O 5. Be2 d6 6. O-O Nh5 7. Bg5 h6 8. Bh4
g5 9. Nfd2 Nf4 10. exf4 gxh4 11. c3 c5 12. dxc5 dxc5 13. Bg4 f5 14. Bf3 Qc7 15.
Re1 e6 16. g3 Nc6 17. Nc4 Rd8 18. Qe2 Rb8 19. a4 b6 20. Nba3 a6 21. Rad1 hxg3
22. hxg3 Kh7 23. Rxd8 Nxd8 24. Ne5 Bxe5 25. fxe5 Nf7 26. Bg2 Bb7 27. f4 Bxg2 28.
Kxg2 Qc6+ 29. Kf2 Qxa4 30. Rd1 Rd8 31. Rxd8 Nxd8 32. Qd3 Nb7 33. Nc4 Qc6 34. g4
b5 35. Ne3 c4 36. Qd1 Nc5 37. gxf5 Nd3+ 38. Kg3 exf5 39. Nxf5 Qe4 40. Qg4 Qe1+
41. Kh2 Qf2+ 42. Kh1 Qf1+ 43. Kh2 Qxf4+ 44. Qxf4 Nxf4 45. Kg3 Ne6 46. Kg4 Kg6
47. Nh4+ Kf7 48. Kf5 h5 49. Ke4 Ke7 50. Ng6+ Ke8 51. Kd5 Kd7 52. Nh4 a5 53. Ng6
a4 54. Nh4 Nf4+ 55. Kc5 Nd3+ 56. Kxb5 Nxb2 57. Kb4 Ke6 58. Ka3 Nd3 59. Kxa4 Kxe5
60. Kb5 Nb2 61. Kc5 Kf4 62. Kd4 Kg4 63. Ng6 h4 64. Ke3 Kg3 65. Nf4 Nd1+ 66. Ke4
Nxc3+ 67. Ke3 Nd1+ 68. Ke4 c3 69. Nh5+ Kg4 0-1

[Event "chess.com IoM Masters"]
[Site "Douglas ENG"]
[Date "2016.10.07"]
[Round "7.24"]
[White "Kojima, Shinya"]
[Black "Schroeder, Jan-Christian"]
[Result "0-1"]
[WhiteTitle "IM"]
[BlackTitle "GM"]
[WhiteElo "2399"]
[BlackElo "2514"]
[WhiteFideId "7000812"]
[BlackFideId "24662259"]
[EventDate "2016.10.01"]

1. Nf3 d5 2. d4 Bf5 3. c4 e6 4. Nc3 Nf6 5. Bg5 c6 6. e3 Nbd7 7. Bd3 dxc4 8. Bxc4
h6 9. Bh4 Qb6 10. Qe2 g5 11. Bg3 Nh5 12. e4 Nxg3 13. hxg3 Bg4 14. d5 Ne5 15.
dxe6 fxe6 16. O-O-O Bg7 17. Bb3 O-O 18. Na4 Qb5 19. Qc2 Nxf3 20. gxf3 Rxf3 21.
Rd2 Qe5 22. Nc5 Rf7 23. Re1 Re8 24. f4 gxf4 25. Nd3 Qc7 26. gxf4 h5 27. Rf2 Rd8
28. f5 Qg3 29. fxe6 Re7 30. Nc5 Bh6+ 31. Kb1 Rd2 32. Rxd2 Qxe1+ 33. Rd1 Qxd1+
34. Qxd1 Bxd1 35. Bxd1 h4 36. Bg4 Rg7 37. Nd7 Bg5 38. Bf5 Be7 39. Ne5 Rg1+ 40.
Kc2 Kg7 0-1

[Event "chess.com IoM Masters"]
[Site "Douglas ENG"]
[Date "2016.10.07"]
[Round "7.25"]
[White "Shvayger, Yuliya"]
[Black "Hillarp Persson, Tiger"]
[Result "1-0"]
[WhiteTitle "WIM"]
[BlackTitle "GM"]
[WhiteElo "2405"]
[BlackElo "2513"]
[WhiteFideId "14100126"]
[BlackFideId "1700812"]
[EventDate "2016.10.01"]

1. e4 e6 2. d4 d5 3. Nd2 Be7 4. Ngf3 Nf6 5. e5 Nfd7 6. Bd3 c5 7. c3 Nc6 8. O-O
h5 9. Qe2 c4 10. Bc2 b5 11. b3 g5 12. a4 b4 13. bxc4 Ba6 14. Bd3 g4 15. cxd5
gxf3 16. Nxf3 Bxd3 17. Qxd3 exd5 18. e6 Nf8 19. Qb5 Rc8 20. Ne5 Qd6 21. Nxf7
Qxe6 22. Nxh8 Rb8 23. Qd3 Qf6 24. Re1 Qxh8 25. Bg5 Qg8 26. Bxe7 Nxe7 27. cxb4
Ng6 28. Rac1 Nf4 29. Qf3 Ne6 30. Qxh5+ Kd7 31. Qe5 Rb6 32. Rc3 Rd6 33. Rg3 Qh7
34. b5 Qh4 35. Rge3 Qh7 36. Qxd6+ 1-0

[Event "chess.com IoM Masters"]
[Site "Douglas ENG"]
[Date "2016.10.07"]
[Round "7.26"]
[White "Zumsande, Martin"]
[Black "Karavade, Eesha"]
[Result "1/2-1/2"]
[WhiteTitle "IM"]
[BlackTitle "IM"]
[WhiteElo "2490"]
[BlackElo "2421"]
[WhiteFideId "4651324"]
[BlackFideId "5012600"]
[EventDate "2016.10.01"]

1. e4 c5 2. c3 Nf6 3. e5 Nd5 4. d4 cxd4 5. cxd4 e6 6. Nc3 Nxc3 7. bxc3 Qc7 8.
Bd2 d6 9. f4 Nd7 10. Bd3 b6 11. Nh3 Bb7 12. O-O g6 13. Qe2 Be7 14. a4 O-O 15.
Qg4 Rad8 16. Rae1 Bd5 17. Ng5 Qc6 18. Re3 Bxg5 19. Qxg5 Bc4 20. Rh3 Rfe8 21. Qh6
Nf8 22. f5 exf5 23. Bg5 f6 24. Bxf6 Rd7 25. Bxc4+ Qxc4 26. exd6 Qxa4 27. Be5 Qb5
28. Qf4 Rf7 29. Re3 a5 30. Rfe1 Qc4 31. Qf2 a4 32. Rb1 b5 33. Rb4 Qd5 34. Qb2 a3
35. Qxa3 f4 36. Rf3 Nd7 37. Qb3 Qxb3 38. Rxb3 Nxe5 39. dxe5 Rxe5 40. Rb4 Rd5 41.
Rfxf4 Rxf4 42. Rxf4 Rxd6 43. Rb4 Rd3 44. Rxb5 1/2-1/2

[Event "chess.com IoM Masters"]
[Site "Douglas ENG"]
[Date "2016.10.07"]
[Round "7.27"]
[White "Batsiashvili, Nino"]
[Black "Das, Arghyadip"]
[Result "1-0"]
[WhiteTitle "IM"]
[BlackTitle "IM"]
[WhiteElo "2480"]
[BlackElo "2400"]
[WhiteFideId "13602993"]
[BlackFideId "5003610"]
[EventDate "2016.10.01"]

1. d4 e6 2. c4 b6 3. a3 Bb7 4. Nc3 Nf6 5. Nf3 d5 6. cxd5 Nxd5 7. e3 g6 8. Bb5+
c6 9. Bd3 Bg7 10. Ne2 O-O 11. e4 Ne7 12. h4 c5 13. h5 cxd4 14. hxg6 hxg6 15. Bh6
Bxh6 16. Rxh6 Nd7 17. Qd2 Nc5 18. Rh8+ 1-0

[Event "chess.com IoM Masters"]
[Site "Douglas ENG"]
[Date "2016.10.07"]
[Round "7.28"]
[White "Hill, Alistair"]
[Black "Puranik, Abhimanyu"]
[Result "0-1"]
[BlackTitle "IM"]
[WhiteElo "2249"]
[BlackElo "2471"]
[WhiteFideId "432407"]
[BlackFideId "5061245"]
[EventDate "2016.10.01"]

1. d4 Nf6 2. c4 g6 3. f3 e6 4. e4 d5 5. Nc3 dxe4 6. fxe4 c5 7. d5 Bg7 8. e5 Nfd7
9. dxe6 fxe6 10. Nf3 O-O 11. Bg5 Qb6 12. Qd2 Nc6 13. O-O-O Ndxe5 14. Nxe5 Nxe5
15. Be2 Bd7 16. h4 Bc6 17. h5 Rf2 18. hxg6 hxg6 19. Bh6 Nxc4 20. Bxc4 Rxd2 21.
Bxe6+ Kf8 22. Bxd2 Bxg2 23. Bc4 Bxh1 24. Rxh1 Bxc3 25. Bxc3 Re8 26. Rh7 Re4 27.
Bd5 Rd4 28. Bxb7 Qf6 29. Rh1 Qf7 0-1

[Event "chess.com IoM Masters"]
[Site "Douglas ENG"]
[Date "2016.10.07"]
[Round "7.29"]
[White "Lyell, Mark"]
[Black "Lalith, Babu M R"]
[Result "0-1"]
[WhiteTitle "FM"]
[BlackTitle "GM"]
[WhiteElo "2190"]
[BlackElo "2586"]
[WhiteFideId "402354"]
[BlackFideId "5024595"]
[EventDate "2016.10.01"]

1. e4 e5 2. Nf3 Nc6 3. d4 exd4 4. Nxd4 Nf6 5. Nxc6 bxc6 6. e5 Qe7 7. Qe2 Nd5 8.
c4 Nb6 9. Nc3 Bb7 10. Bd2 O-O-O 11. O-O-O Qe6 12. f4 Ba6 13. Qe4 Bc5 14. f5 Qe7
15. Bd3 Rhe8 16. Rhe1 f6 17. exf6 Qf7 18. Qh4 gxf6 19. Rxe8 Rxe8 20. Ne4 Bd4 21.
Nd6+ cxd6 22. Qxd4 Bxc4 23. Bc3 Bxd3 24. Rxd3 Qxa2 25. Qxf6 Qa1+ 26. Kc2 Qa4+
27. Kb1 Qe4 28. Qxd6 Nd5 29. Kc2 Qxf5 30. Kd2 Ne3 31. Bf6 0-1

[Event "chess.com IoM Masters"]
[Site "Douglas ENG"]
[Date "2016.10.07"]
[Round "7.30"]
[White "Marin, Mihail"]
[Black "Houska, Jovanka"]
[Result "0-1"]
[WhiteTitle "GM"]
[BlackTitle "IM"]
[WhiteElo "2569"]
[BlackElo "2386"]
[WhiteFideId "1200020"]
[BlackFideId "405094"]
[EventDate "2016.10.01"]

1. Nf3 d5 2. g3 Bg4 3. Bg2 c6 4. O-O Nd7 5. d3 e6 6. h3 Bh5 7. Nbd2 Bd6 8. Qe1
Ne7 9. e4 O-O 10. b3 Bb4 11. Bb2 Bxf3 12. Bxf3 Qa5 13. Bc1 Bc3 14. b4 Qxb4 15.
a3 Qb6 16. Ra2 dxe4 17. Qxe4 Nd5 18. Nc4 Qc7 19. Bg2 Nc5 20. Qg4 f5 21. Qe2 f4
22. g4 Bd4 23. Qf3 e5 24. Bb2 Ne6 25. h4 Bxb2 26. Rxb2 Nd4 27. Qe4 f3 28. Bh3
Nf4 29. Kh2 Qe7 30. g5 Nxh3 31. Kxh3 Rf4 0-1

[Event "chess.com IoM Masters"]
[Site "Douglas ENG"]
[Date "2016.10.07"]
[Round "7.31"]
[White "L'Ami, Alina"]
[Black "Khmelniker, Ilya"]
[Result "1/2-1/2"]
[WhiteTitle "IM"]
[BlackTitle "GM"]
[WhiteElo "2322"]
[BlackElo "2493"]
[WhiteFideId "1210246"]
[BlackFideId "2805340"]
[EventDate "2016.10.01"]

1. d4 Nf6 2. c4 g6 3. Nc3 d5 4. cxd5 Nxd5 5. e4 Nxc3 6. bxc3 Bg7 7. Bc4 O-O 8.
Ne2 Nc6 9. Be3 b6 10. O-O Bb7 11. Rc1 Qd7 12. Qd2 Rfd8 13. Rfd1 Qe8 14. Bh6 Na5
15. Bd3 Bxh6 16. Qxh6 e5 17. Ng3 Qe7 18. Bb1 c5 19. d5 Nc4 20. Rd3 f6 21. Nf1
Rf8 22. g4 Qg7 23. Qh4 Rad8 24. Rg3 Nd6 25. c4 Bc8 26. Ne3 Nf7 27. Qh3 Qh6 28.
Qf1 Nd6 29. Rh3 Qg7 30. Rg3 Qh6 31. Rh3 Qg7 32. Rg3 Qe7 33. f3 Bd7 34. h4 Kh8
35. Qh3 b5 36. h5 Kg7 37. Bd3 b4 38. Rc2 Nf7 39. Rh2 Rh8 40. Qf1 Rb8 41. Bc2
Rhc8 1/2-1/2

[Event "chess.com IoM Masters"]
[Site "Douglas ENG"]
[Date "2016.10.07"]
[Round "7.32"]
[White "Von Meijenfeldt, Bart"]
[Black "Gagare, Shardul"]
[Result "0-1"]
[WhiteTitle "FM"]
[BlackTitle "GM"]
[WhiteElo "2265"]
[BlackElo "2480"]
[WhiteFideId "1032259"]
[BlackFideId "5037883"]
[EventDate "2016.10.01"]

1. e4 e6 2. d4 d5 3. Nd2 Be7 4. Bd3 Nf6 5. e5 Nfd7 6. f4 c5 7. c3 Nc6 8. Ne2 f6
9. Nf3 f5 10. O-O c4 11. Bc2 b5 12. g4 fxg4 13. Ng5 Nf8 14. Ng3 h6 15. Nxe6 Nxe6
16. f5 Nf8 17. Qxg4 g6 18. e6 h5 19. Qf3 gxf5 20. Bxf5 Bxe6 21. Bxe6 Nxe6 22.
Qf7+ Kd7 23. Qf5 Kd6 24. Re1 Qg8 25. Bf4+ Nxf4 26. Qxf4+ Kd7 27. Qf5+ Kc7 28.
Re6 Qg5 29. Rxe7+ Qxe7 30. Qxd5 h4 31. Nf5 Qg5+ 32. Kh1 Rad8 0-1

[Event "chess.com IoM Masters"]
[Site "Douglas ENG"]
[Date "2016.10.07"]
[Round "7.33"]
[White "Osmanodja, Filiz"]
[Black "Paehtz, Elisabeth"]
[Result "0-1"]
[WhiteTitle "WIM"]
[BlackTitle "IM"]
[WhiteElo "2299"]
[BlackElo "2459"]
[WhiteFideId "24633569"]
[BlackFideId "4641833"]
[EventDate "2016.10.01"]

1. e4 g6 2. d4 Bg7 3. Nc3 d6 4. Bg5 Nc6 5. Bb5 a6 6. Bxc6+ bxc6 7. Qd2 a5 8.
Nge2 Ba6 9. Rd1 Nf6 10. f3 Qb8 11. Kf2 O-O 12. b3 Re8 13. h4 e5 14. d5 cxd5 15.
Bxf6 Qa7+ 16. Kg3 Bxf6 17. Nxd5 Bg7 18. c4 c6 19. Ndc3 Rad8 20. Nc1 f5 21. Kh2
Rf8 22. Nd3 fxe4 23. fxe4 d5 24. cxd5 cxd5 25. Nxd5 Rxd5 26. exd5 e4 27. Rhf1
Bxd3 28. Rxf8+ Bxf8 29. Rc1 Bd6+ 30. Kh1 Qe7 31. Qh6 Ba6 32. Rc2 Qe5 33. g4 e3 0-1

[Event "chess.com IoM Masters"]
[Site "Douglas ENG"]
[Date "2016.10.07"]
[Round "7.34"]
[White "Lou, Yiping"]
[Black "Mannion, Stephen R"]
[Result "1-0"]
[WhiteTitle "IM"]
[BlackTitle "IM"]
[WhiteElo "2458"]
[BlackElo "2313"]
[WhiteFideId "8603928"]
[BlackFideId "2400111"]
[EventDate "2016.10.01"]

1. e4 e5 2. Nf3 Nc6 3. Bc4 Bc5 4. O-O d6 5. d3 Nf6 6. Bg5 h6 7. Bh4 Bg4 8. c3
O-O 9. b4 Bb6 10. Nbd2 g5 11. Bg3 Nh5 12. Kh1 Ng7 13. Bd5 Rb8 14. a4 a5 15. b5
Ne7 16. Bb3 Kh8 17. h3 Be6 18. d4 f6 19. Nc4 Bxc4 20. Bxc4 Ng6 21. Qd3 Qe7 22.
Rae1 Ne6 23. Nd2 Ngf4 24. Bxf4 Nxf4 25. Qe3 Qg7 26. Nb3 Rbe8 27. Qf3 h5 28. Qd1
g4 29. h4 f5 30. g3 Nh3 31. exf5 Rxf5 32. f4 e4 33. Na1 d5 34. Be2 e3 35. Bd3
Rff8 36. Kg2 Nf2 37. Qe2 Qf7 38. Nc2 Ne4 39. Bxe4 Rxe4 40. Qd3 Rfe8 41. Rxe3
Rxe3 42. Nxe3 Re4 43. Kf2 c5 44. bxc6 bxc6 45. Qa6 Qe6 46. Re1 c5 47. Qa8+ Kh7
48. Qb7+ Kh8 49. f5 Qf6 50. Qc8+ 1-0

[Event "chess.com IoM Masters"]
[Site "Douglas ENG"]
[Date "2016.10.07"]
[Round "7.35"]
[White "Basso, Pier Luigi"]
[Black "Enkhtuul, Altan-Ulzii"]
[Result "0-1"]
[WhiteTitle "IM"]
[BlackTitle "WGM"]
[WhiteElo "2428"]
[BlackElo "2302"]
[WhiteFideId "866970"]
[BlackFideId "4901444"]
[EventDate "2016.10.01"]

1. d4 g6 2. Nf3 Bg7 3. g3 c5 4. d5 d6 5. Bg2 Nf6 6. Nc3 b5 7. Nxb5 Qa5+ 8. Nc3
Ne4 9. O-O Nxc3 10. bxc3 O-O 11. Bd2 Ba6 12. Re1 Nd7 13. e4 Rab8 14. Rb1 Rxb1
15. Qxb1 Rb8 16. Qa1 Qa4 17. Rc1 Nb6 18. Qb2 Rb7 19. Qb3 Bc4 20. Qxa4 Nxa4 21.
a3 Nxc3 22. Bxc3 Bxc3 23. Bf1 Ba2 24. Bd3 a5 25. Rd1 Rb2 26. Rc1 a4 0-1

[Event "chess.com IoM Masters"]
[Site "Douglas ENG"]
[Date "2016.10.07"]
[Round "7.36"]
[White "Gaponenko, Inna"]
[Black "Webb, Laurence E"]
[Result "1/2-1/2"]
[WhiteTitle "IM"]
[BlackTitle "FM"]
[WhiteElo "2421"]
[BlackElo "2280"]
[WhiteFideId "14101181"]
[BlackFideId "402389"]
[EventDate "2016.10.01"]

1. e4 c6 2. d4 d5 3. Nc3 b5 4. Bd3 b4 5. Nce2 e6 6. c4 bxc3 7. bxc3 Nf6 8. Ng3
Qa5 9. N1e2 Ba6 10. O-O Be7 11. f4 Bxd3 12. Qxd3 dxe4 13. Nxe4 Nxe4 14. Qxe4 Qd5
15. Qd3 Nd7 16. c4 Qf5 17. Qxf5 exf5 18. Rb1 Nb6 19. Ng3 g6 20. Re1 Kd8 21. d5
Re8 22. Be3 Nxc4 23. Bf2 cxd5 24. Red1 Nb6 25. a4 Rb8 26. a5 Nd7 27. Rxb8+ Nxb8
28. Rxd5+ Kc7 29. Bxa7 Kc6 30. Re5 Nd7 31. Re3 Nf6 32. Ne2 Bc5 33. Bxc5 Kxc5 34.
Rxe8 Nxe8 35. h3 Kb5 36. g4 fxg4 37. hxg4 Kxa5 38. Kf2 Kb4 39. Ng3 Kc4 40. Ne4
f5 41. gxf5 gxf5 42. Ng5 Nf6 43. Kf3 Kd5 44. Nf7 Ne4 45. Ke3 Ke6 46. Ne5 Kf6 47.
Kf3 Kg7 48. Kg2 Kh6 49. Kh3 Kh5 50. Nc6 Kg6 51. Kh4 Nd6 52. Ne5+ Kg7 53. Kg5 h6+
54. Kh4 Ne8 55. Nc6 Kh7 56. Ne7 Nd6 57. Kh5 Kg7 58. Kh4 Kf7 59. Nd5 Nc4 60. Kh5
Kg7 61. Nc7 Ne3 62. Ne8+ Kf7 63. Nd6+ Ke6 64. Nb5 Nd5 65. Nd4+ Kf6 66. Kxh6 Nxf4
67. Nxf5 1/2-1/2

[Event "chess.com IoM Masters"]
[Site "Douglas ENG"]
[Date "2016.10.07"]
[Round "7.37"]
[White "Tarjan, James E"]
[Black "Taylor, Adam C"]
[Result "1/2-1/2"]
[WhiteTitle "GM"]
[BlackTitle "FM"]
[WhiteElo "2420"]
[BlackElo "2236"]
[WhiteFideId "2000180"]
[BlackFideId "424668"]
[EventDate "2016.10.01"]

1. c4 c5 2. g3 Nc6 3. Bg2 g6 4. Nc3 Bg7 5. d3 a6 6. a4 Nf6 7. e4 O-O 8. Nge2 d6
9. O-O Ne8 10. Be3 Nc7 11. d4 cxd4 12. Nxd4 Nxd4 13. Bxd4 Bxd4 14. Qxd4 e5 15.
Qd3 Ne6 16. Rfd1 Nd4 17. Ne2 Bg4 18. f3 Nxe2+ 19. Qxe2 Be6 20. c5 Qa5 21. cxd6
Rfd8 22. Kh1 Rac8 23. f4 Rc6 24. b4 Qxb4 25. fxe5 Qc3 26. Rab1 Qxe5 27. Rxb7
Rcxd6 28. Rxd6 Rxd6 29. Rb8+ Kg7 30. Rb1 h5 31. Bf3 a5 32. Kg2 Qc3 33. Rb2 Rd4
34. Rc2 Qa1 35. Bxh5 gxh5 36. Qxh5 Qd1 37. Qg5+ Kh7 38. Qh4+ Kg6 39. Rf2 Qd3 40.
Rf6+ Kg7 41. Rxe6 1/2-1/2

[Event "chess.com IoM Masters"]
[Site "Douglas ENG"]
[Date "2016.10.07"]
[Round "7.38"]
[White "Leutwyler, Martin"]
[Black "Merry, Alan B"]
[Result "0-1"]
[BlackTitle "FM"]
[WhiteElo "2168"]
[BlackElo "2388"]
[WhiteFideId "1301969"]
[BlackFideId "418811"]
[EventDate "2016.10.01"]

1. d4 Nf6 2. c4 c5 3. d5 e6 4. Nc3 exd5 5. cxd5 d6 6. e4 g6 7. f4 Bg7 8. Bb5+
Nfd7 9. Nf3 a6 10. Bd3 b5 11. O-O O-O 12. Kh1 c4 13. Bc2 Nc5 14. f5 Nbd7 15. Bg5
Qe8 16. Qe1 b4 17. Nd1 b3 18. axb3 cxb3 19. Bb1 gxf5 20. Qg3 f6 21. Bf4 fxe4 22.
Nh4 Ne5 23. Ne3 f5 24. Bh6 Ra7 25. Nexf5 Bxf5 26. Nxf5 Qg6 27. Bxg7 Rxg7 28.
Qxg6 Rxg6 29. Ne7+ Kg7 30. Rxf8 Kxf8 31. Nxg6+ hxg6 32. Kg1 Nc4 33. Ba2 bxa2 34.
Rxa2 a5 35. h4 a4 36. Kf1 Ne3+ 0-1

[Event "chess.com IoM Masters"]
[Site "Douglas ENG"]
[Date "2016.10.07"]
[Round "7.40"]
[White "Gungl, Theo"]
[Black "Daulyte, Deimante"]
[Result "1/2-1/2"]
[WhiteTitle "FM"]
[BlackTitle "IM"]
[WhiteElo "2257"]
[BlackElo "2429"]
[WhiteFideId "24695653"]
[BlackFideId "12802859"]
[EventDate "2016.10.01"]

1. e4 c5 2. Nf3 Nc6 3. d4 cxd4 4. Nxd4 g6 5. Nc3 Bg7 6. Be3 Nf6 7. Bc4 O-O 8.
Bb3 Re8 9. f3 e6 10. O-O d5 11. exd5 Nxd5 12. Nxd5 exd5 13. Bf2 Qg5 14. Kh1 Qh5
15. c3 Be5 16. Bg1 Bf4 17. Ne2 Bc7 18. Re1 Be6 19. Qd2 Rad8 20. Rad1 Qh4 21. Nd4
Bg3 22. Re2 Qh5 23. Ba4 Bd7 24. Rxe8+ Bxe8 25. Nxc6 bxc6 26. Qe3 Ra8 27. Qe7 Qh4
28. Qxh4 Bxh4 29. Bc5 Rb8 30. Rd2 a6 31. g3 Bf6 32. Bb3 Bd7 33. Re2 h5 34. Kg2
Bf5 35. Bd6 1/2-1/2

[Event "chess.com IoM Masters"]
[Site "Douglas ENG"]
[Date "2016.10.07"]
[Round "7.41"]
[White "Harari, Zaki"]
[Black "Alvarado Diaz, Alejandro"]
[Result "0-1"]
[BlackTitle "IM"]
[WhiteElo "2061"]
[BlackElo "2425"]
[WhiteFideId "2002639"]
[BlackFideId "2276119"]
[EventDate "2016.10.01"]

1. d4 Nf6 2. c4 c5 3. d5 b5 4. cxb5 a6 5. bxa6 g6 6. Nc3 Bg7 7. Nf3 O-O 8. e4
Qa5 9. Bd3 Nxd5 10. exd5 Bxc3+ 11. Kf1 Bg7 12. Bd2 Qb6 13. Bc3 Bxa6 14. g3 Qb7
15. Be2 d6 16. Rg1 Nd7 17. Bxa6 Rxa6 18. Qe2 Nb6 19. Bxg7 Kxg7 20. Kg2 Nxd5 21.
Rgd1 Rfa8 22. a3 Rb6 23. Rab1 Nc3 0-1

[Event "chess.com IoM Masters"]
[Site "Douglas ENG"]
[Date "2016.10.07"]
[Round "7.42"]
[White "Paehtz, Thomas"]
[Black "Bellaiche, Anthony"]
[Result "1/2-1/2"]
[WhiteTitle "GM"]
[BlackTitle "IM"]
[WhiteElo "2356"]
[BlackElo "2494"]
[WhiteFideId "4611349"]
[BlackFideId "615668"]
[EventDate "2016.10.01"]

1. e4 c5 2. Nf3 e6 3. d4 cxd4 4. Nxd4 Nc6 5. Nc3 Qc7 6. f4 a6 7. Nxc6 Qxc6 8.
Bd3 b5 9. Qe2 Bb7 10. Bd2 Be7 11. a3 Nf6 12. e5 Nd5 13. Be4 Qc5 14. O-O-O Qd4
15. Bxd5 Bxd5 16. Nxd5 Qxd5 17. Bb4 Qa2 18. Bxe7 Kxe7 19. Qd3 Rhc8 20. c3 Ra7
21. Kc2 Rac7 22. Qd6+ Ke8 23. Rd3 a5 24. Rhd1 b4 25. axb4 a4 26. b5 Qb3+ 27. Kb1
Qxb5 28. Qa3 Rb7 29. R1d2 Rcb8 30. Rd4 Qf1+ 31. Ka2 Qc1 32. Rxd7 Rxd7 33. Rxd7
Kxd7 34. Qd6+ Kc8 35. Qc6+ Kd8 36. Qd6+ Kc8 37. Qc6+ 1/2-1/2